| 000 | 00487nam a2200169Ia 4500 | ||
|---|---|---|---|
| 999 |
_c6607 _d6607 |
||
| 003 | OSt | ||
| 005 | 20200120155528.0 | ||
| 008 | 190216s9999||||xx |||||||||||||| ||und|| | ||
| 020 | _a9788120312487 | ||
| 040 | _coclc | ||
| 082 |
_a658.45 _bKAU/B |
||
| 100 |
_aKaul, Asha _91332 |
||
| 245 | 0 |
_aBusiness Communication / _cAsha Kaul |
|
| 260 |
_bPrentice Hall Of India Pvt Ltd, _aNew Delhi: _c2004. |
||
| 300 | _a125p | ||
| 942 |
_cBK _2ddc _h658.45 _iKAU/B _k658.45 _mKAU/B |
||